[Event "Czech Open A"]
[Site "Pardubice CZE"]
[Date "2006.07.23"]
[Round "3"]
[White "Potapov,P"]
[Black "Novikov,St"]
[Result "1/2-1/2"]
[WhiteElo "2385"]
[BlackElo "2513"]

1.e4 c5 2.Nf3 d6 3.d4 cxd4 4.Nxd4 Nf6 5.Nc3 a6 6.g3 e5 7.Nde2 Nbd7 8.a4 b6
9.Bg2 Bb7 10.O-O Be7 11.f3 Qc7 12.g4 h6 13.Ng3 g6 14.Be3 Kf8 15.Qd2 Kg7 16.h3 Bc6
17.Nd5 Bxd5 18.exd5 Rac8 19.c3 Nc5 20.Qd1 Nfd7 21.f4 Bh4 22.Ne2 Rce8 23.fxe5 Nxe5
24.Bd4 h5 25.b4 Nd7 26.Qd2 hxg4 27.hxg4 Nf6 28.Qf4 Qe7 29.Ng3 Rh7 30.Rfe1 Nfd7
31.Re2 Bg5 32.Qf2 Rh4 33.Ne4 Nf8 34.Qg3 Kg8 35.Bf3 f5 36.Nxg5 Qxg5  1/2-1/2

[Event "Czech Open A"]
[Site "Pardubice CZE"]
[Date "2006.07.24"]
[Round "4"]
[White "Strohhaeker,Rao"]
[Black "Steiner,B"]
[Result "1-0"]
[WhiteElo "2358"]
[BlackElo "2253"]

1.e4 c5 2.Nf3 d6 3.d4 Nf6 4.Nc3 cxd4 5.Nxd4 a6 6.g3 e6 7.Bg2 Be7 8.O-O O-O
9.f4 Nc6 10.Kh1 Rb8 11.b3 Qc7 12.Bb2 Nxd4 13.Qxd4 Qc5 14.Qxc5 dxc5 15.h3 b5
16.e5 Nd7 17.Rad1 Nb6 18.g4 Bb7 19.Bxb7 Rxb7 20.f5 Rd8 21.Rxd8+ Bxd8 22.Ne4 Be7
23.Rd1 Nd5 24.f6 gxf6 25.exf6 Bf8 26.Be5 h6 27.c4 bxc4 28.bxc4 Nb6 29.Rd8 Rd7
30.Re8 Nxc4 31.Bf4 Rd4 32.Nxc5 Nd6 33.Bxd6 Rxd6 34.Kg2 e5 35.Ne4 Rd3 36.h4 Ra3
37.g5 hxg5 38.hxg5 Rxa2+ 39.Kf3 Ra1 40.Nc5 Rd1 41.Nxa6 e4+ 42.Ke3 Re1+ 43.Kf2 Rd1
44.Nb8 e3+ 45.Ke2 Rd6 46.Rc8 Rd2+ 47.Kxe3 Rd6 48.Kf4 Rd4+ 49.Ke5  1-0

[Event "32nd Open"]
[Site "Sitges ESP"]
[Date "2006.07.24"]
[Round "4"]
[White "Ramesh,R"]
[Black "Marcet Bisbale,A"]
[Result "1/2-1/2"]
[WhiteElo "2490"]
[BlackElo "2312"]

1.e4 c5 2.Nf3 d6 3.d4 cxd4 4.Nxd4 Nf6 5.Nc3 a6 6.g3 e5 7.Nb3 Nbd7 8.a4 b6
9.Bg2 Be7 10.O-O O-O 11.Re1 Bb7 12.Nd2 Rc8 13.Nf1 Re8 14.Ne3 Rxc3 15.bxc3 Bxe4
16.Bxe4 Nxe4 17.Nd5 Ndf6 18.Nxf6+ Nxf6 19.Bg5 e4 20.Rb1 d5 21.Qe2 Bc5 22.Red1 h6
23.Be3 Bxe3 24.Qxe3 Qd7 25.Rxb6 Ng4 26.Qe2 Qf5 27.Kg2 e3 28.f3 Nf2 29.Rf1 Qh3+
30.Kg1 Qc8 31.Rb3 Qc6 32.a5 Qc5 33.Kg2 Re6 34.Ra1 Kh7 35.Ra4 Kg8 36.Qe1 e2
37.Rd4 Nd1 38.Rxd1 exd1=Q 39.Qxd1 Re8 40.Qd3 Qxa5 41.Rb7 Rc8 42.Rd7 g6 43.Qd4 Qa2
44.Qd2 Qc4 45.g4 Qxc3 46.Qxd5 Qxc2+ 47.Kg3 Rf8 48.Rd6 Qb1 49.Qd4  1/2-1/2

[Event "Czech Open A"]
[Site "Pardubice CZE"]
[Date "2006.07.25"]
[Round "5"]
[White "Lissang,C"]
[Black "Chulivska,V"]
[Result "1/2-1/2"]
[WhiteElo "2041"]
[BlackElo "2177"]

1.e4 c5 2.Nf3 d6 3.d4 cxd4 4.Nxd4 Nf6 5.Nc3 a6 6.g3 e6 7.Bg2 Be7 8.O-O Qc7
9.Be3 Nc6 10.Qe2 O-O 11.Rad1 Bd7 12.a4 Rac8 13.Nb3 Ne5 14.f4 Nc4 15.Bc1 b5
16.axb5 axb5 17.Nd4 b4 18.Nb1 e5 19.Nf5 Bxf5 20.exf5 Qa7+ 21.Kh1 Qa2 22.Nd2 Nxb2
23.Bxb2 Qxb2 24.Nc4 Qa2 25.Ne3 exf4 26.Nd5 Bd8 27.Nxb4 Qc4 28.Qxc4 Rxc4 29.Rxf4 Rxf4
30.gxf4 Ng4 31.Rxd6 Be7 32.Rd4 Bc5 33.Rc4 Nf2+ 34.Kg1 Ne4+ 35.Kh1 Nf2+  1/2-1/2

[Event "Czech Open A"]
[Site "Pardubice CZE"]
[Date "2006.07.28"]
[Round "8"]
[White "Potapov,P"]
[Black "Henrichs,T"]
[Result "1-0"]
[WhiteElo "2385"]
[BlackElo "2491"]

1.e4 c5 2.Nf3 d6 3.d4 cxd4 4.Nxd4 Nf6 5.Nc3 a6 6.g3 e5 7.Nde2 Nbd7 8.a4 b6
9.Bg2 Bb7 10.O-O Rc8 11.f3 h5 12.h3 Be7 13.Be3 g6 14.Qd2 Kf8 15.Nd5 Nxd5
16.exd5 h4 17.f4 hxg3 18.Nxg3 Kg8 19.f5 Nf6 20.fxg6 fxg6 21.Qf2 Qe8 22.Rad1 Qxa4
23.Bg5 Rf8 24.Qxb6 Qd7 25.Bxf6 Bxf6 26.Ne4 Be7 27.Nc5  1-0

[Event "ITT"]
[Site "Villa Martelli ARG"]
[Date "2006.07.30"]
[Round "7"]
[White "Duarte,L"]
[Black "Fusco,L"]
[Result "1-0"]
[WhiteElo "2390"]
[BlackElo "2249"]

1.e4 c5 2.Nf3 d6 3.d4 cxd4 4.Nxd4 Nf6 5.Nc3 a6 6.g3 e5 7.Nb3 Be7 8.Bg2 O-O
9.O-O Be6 10.Re1 Nbd7 11.Nd2 Qb6 12.Nf1 Ng4 13.Qe2 f5 14.exf5 Rxf5 15.Bd5 Nf8
16.Bxe6+ Nxe6 17.Nd5 Qxf2+ 18.Qxf2 Rxf2 19.Nxe7+ Kf7 20.Ne3 Nxe3 21.Bxe3 Rxc2
22.Nf5 d5 23.Rf1 Ke8 24.b3 d4 25.Bc1 g6 26.Nd6+ Kd7 27.Nc4  1-0

[Event "Dutch Open"]
[Site "Dieren NED"]
[Date "2006.07.31"]
[Round "6"]
[White "Van Delft,M"]
[Black "Smits,S"]
[Result "1-0"]
[WhiteElo "2382"]
[BlackElo "2054"]

1.e4 c5 2.Nf3 d6 3.d4 cxd4 4.Nxd4 Nf6 5.Nc3 a6 6.g3 e6 7.Bg2 Be7 8.O-O Qc7
9.Be3 O-O 10.g4 Nc6 11.g5 Nd7 12.f4 Re8 13.Qh5 g6 14.Qh4 Bf8 15.Rf3 Bg7 16.Nde2 b5
17.f5 b4 18.Rh3 Nf8 19.f6 Bh8 20.Na4 Ne5 21.c3 Rb8 22.cxb4 Rxb4 23.b3 Bd7
24.Rc1 Qb8 25.Bd2 Rb7 26.Nb2 Rc8 27.Rhc3 Rbc7 28.Qg3 Bb5 29.Rxc7 Rxc7 30.Rxc7 Qxc7
31.Qc3 Qd7 32.Nd4 h6 33.h4 Qa7 34.Nd1 Ng4 35.Ne3 e5 36.Nxg4 exd4 37.Qc8 d3+
38.Kh2 Qd4 39.Nxh6+ Kh7 40.Qxf8 Qe5+ 41.Kg1 Qa1+ 42.Kf2 Qd4+ 43.Kf3  1-0

[Event "4th Marx György Mem"]
[Site "Paks HUN"]
[Date "2006.07.31"]
[Round "4"]
[White "Acs,P"]
[Black "Efimenko,Z"]
[Result "0-1"]
[WhiteElo "2520"]
[BlackElo "2632"]

1.e4 c5 2.Nf3 d6 3.d4 cxd4 4.Nxd4 Nf6 5.Nc3 a6 6.g3 Bg4 7.f3 Bd7 8.g4 Nc6
9.Be3 h6 10.Qd2 e6 11.O-O-O b5 12.Kb1 Ne5 13.Qg2 b4 14.Nce2 Nc4 15.Bc1 e5
16.Nb3 Qc7 17.Ng3 Be6 18.Bxc4 Qxc4 19.Nf5 a5 20.g5 hxg5 21.Bxg5 a4 22.Nc1 Nd5
23.Rxd5 Bxf5 24.Nd3 b3 25.cxb3 axb3 26.a3 Bh3 27.Qd2 Qc2+ 28.Qxc2 bxc2+ 29.Kxc2 Bg2
30.Re1 Bxf3 31.Nb4 Rxh2+ 32.Kb3 f5 33.a4 Bxe4 34.Rxe4 fxe4 35.a5 Be7 36.Bxe7 Kxe7
37.a6 e3 38.Rd1 e2 39.Re1 g5 40.Ka4 g4 41.Ka5 Ke6 42.Nc2 g3 43.b4 g2 44.Ne3 Rh3  0-1

[Event "4th Marx György Mem"]
[Site "Paks HUN"]
[Date "2006.08.06"]
[Round "9"]
[White "Acs,P"]
[Black "Berkes,F"]
[Result "1/2-1/2"]
[WhiteElo "2520"]
[BlackElo "2601"]

1.e4 c5 2.Nf3 d6 3.d4 cxd4 4.Nxd4 Nf6 5.Nc3 a6 6.g3 e6 7.Bg2 Qc7 8.O-O Nc6
9.Re1 Rb8 10.b3 Be7 11.Bb2 O-O 12.Qd2 Nxd4 13.Qxd4 b5 14.Nd1 Bb7  1/2-1/2

[Event "93rd ch-GBR"]
[Site "Swansea WLS"]
[Date "2006.08.13"]
[Round "7"]
[White "Eggleston,D"]
[Black "Bonafont,P"]
[Result "1/2-1/2"]
[WhiteElo "2232"]
[BlackElo "2118"]

1.e4 c5 2.Nf3 d6 3.d4 cxd4 4.Nxd4 Nf6 5.Nc3 a6 6.g3 e5 7.Nb3 Nbd7 8.Bg2 Be7
9.O-O b6 10.Nd5 Nxd5 11.exd5 O-O 12.f4 b5 13.Kh1 Bb7 14.Be3 Rc8 15.Qd2 Bf6
16.Na5 Ba8 17.Nc6 Bxc6 18.dxc6 Nb6 19.Bxb6 Qxb6 20.c3 exf4 21.Qxf4 Be5 22.Qf2 Qd8
23.Bd5 Rc7 24.a4 Qb8 25.Qd2 Qb6 26.Rf2 Rxc6 27.Bxc6 Qxc6+ 28.Kg1 Rb8 29.axb5 Rxb5
30.Qd3 g6 31.Ra2 h5 32.Qf3 Qxf3 33.Rxf3 a5 34.Kg2 f5 35.Kf2 Kf7 36.Rd3 h4
37.Rd2 hxg3+ 38.hxg3 Ke6 39.Ra4 Kd7 40.Kf3 g5 41.g4 Bf4 42.Re2 fxg4+ 43.Kxg4 Rd5
44.Ra1 Kc6 45.Re8 Kb6 46.Rb8+ Kc7 47.Rb3 Kc6 48.Rb8  1/2-1/2

[Event "Petrovskaja Ladja S"]
[Site "Peterhof RUS"]
[Date "2006.08.17"]
[Round "6"]
[White "Lintchevski,D"]
[Black "Brodsky,M"]
[Result "1/2-1/2"]
[WhiteElo "2429"]
[BlackElo "2571"]

1.e4 c5 2.Nf3 d6 3.d4 cxd4 4.Nxd4 Nf6 5.Nc3 a6 6.g3 e5 7.Nb3 Be7 8.Bg2 O-O
9.O-O b5 10.a4 b4 11.Nd5 Nxd5 12.Qxd5 Ra7 13.Be3 Be6 14.Qd2 Rb7 15.a5 Nd7
16.Qe2 Rb5 17.Rfd1 Qc7 18.Bf1 Qc6 19.f3 Rc8 20.Rac1 h6 21.Qd2 Rbb8 22.Qe2 Ra8
23.Qd2 Qb7 24.Bg2 Rab8 25.Qf2 Nf6 26.Ba7 Ra8 27.Bb6 Qc6 28.Qe1 Nd7 29.Be3 Rab8
30.f4 Nf6 31.Ba7 Rb7 32.Bb6 Qb5 33.f5 Bc4 34.Nd2 d5 35.exd5 Bc5+ 36.Bxc5 Qxc5+
37.Qf2 Qxf2+ 38.Kxf2 Ng4+ 39.Kg1 Ne3 40.Nxc4 Rxc4 41.Re1 Nxf5 42.Bf1 Rc5
43.Bxa6 Ra7 44.Rxe5 Nd6 45.Be2 Raxa5 46.Bf3 Kf8 47.Ree1 Ra2 48.c3 Rxb2 49.cxb4 Rxc1
50.Rxc1 Rxb4 51.Rc7 Rb7 52.Rxb7 Nxb7 53.Kf2 Ke7 54.Ke3 Kd6 55.Kd4 Nc5 56.Bh5 g6
57.Bd1 Nd7 58.Be2 Ne5  1/2-1/2

[Event "Jch-EST"]
[Site "Narva Joesuu EST"]
[Date "2006.08.19"]
[Round "7"]
[White "Ivanov,Al3"]
[Black "Onischuk,V"]
[Result "0-1"]
[WhiteElo "2408"]
[BlackElo "2411"]

1.e4 c5 2.Nf3 d6 3.d4 cxd4 4.Nxd4 Nf6 5.Nc3 a6 6.g3 e5 7.Nb3 Be7 8.Bg2 O-O
9.O-O Nbd7 10.a4 b6 11.Re1 Bb7 12.Nd2 Qc7 13.Nf1 Rfc8 14.Ne3 Bf8 15.Re2 Bc6
16.Ned5 Qb8 17.Bg5 Nxd5 18.Nxd5 Nc5 19.c3 h6 20.Be3 Qb7 21.Rd2 b5 22.axb5 axb5
23.Rxa8 Rxa8 24.b4 Ne6 25.Qb3 Nc7 26.Ra2 Nxd5 27.exd5 Bd7 28.Ra5 Be7 29.Qa3 Rb8
30.Ra7 Qc8 31.Bf1 Kf8 32.Bd3 h5 33.Kf1 h4 34.Ke1 hxg3 35.hxg3 f5 36.Kd2 g5
37.f3 Bf6 38.Be2 f4 39.Bf2 g4 40.Ra6 fxg3 41.Bxg3 Bg5+ 42.Kc2 gxf3 43.Bxf3 Bg4
44.Bxg4 Qxg4 45.Ra8 Rxa8 46.Qxa8+ Kf7 47.Qa7+ Kg6 48.Qf2 Qe4+ 49.Kb2 Qxd5
50.Qc2+ Kf6 51.Qf2+ Ke6 52.Bh4 Qd2+ 53.Qxd2 Bxd2 54.Kc2 Bf4 55.Kd3 Kd5 56.Bf2 e4+
57.Kc2 Kc4 58.Bh4 Be5 59.Be1 e3  0-1

[Event "81st ch-FRA w"]
[Site "Besancon BRA"]
[Date "2006.08.21"]
[Round "7"]
[White "Leconte,M"]
[Black "Choisy,M"]
[Result "1-0"]
[WhiteElo "2304"]
[BlackElo "2145"]

1.e4 c5 2.Nf3 d6 3.d4 cxd4 4.Nxd4 Nf6 5.Nc3 a6 6.g3 e5 7.Nb3 Be6 8.Bg2 Be7
9.O-O O-O 10.Re1 Nbd7 11.a4 Qc7 12.Nd2 Rfc8 13.Nf1 Rab8 14.a5 b5 15.axb6 Qxb6
16.Ne3 Nc5 17.Ncd5 Qd8 18.f3 Nxd5 19.exd5 Bd7 20.b3 a5 21.Bd2 a4 22.b4 Na6
23.c3 Qb6 24.Bf1 Nc7 25.Kg2 Nb5 26.Qxa4 Qc7 27.Qb3 f5 28.Nc4 Bf6 29.Nxe5 Qb7
30.Nc6 Ra8 31.Ra5 Rxa5 32.bxa5  1-0

[Event "6th Open"]
[Site "Velika Gorica CRO"]
[Date "2006.08.23"]
[Round "6"]
[White "Kosanski,S"]
[Black "Purgar,I"]
[Result "1-0"]
[WhiteElo "2339"]
[BlackElo "1957"]

1.e4 c5 2.Nf3 d6 3.d4 cxd4 4.Nxd4 Nf6 5.Nc3 a6 6.g3 e6 7.Bg2 Be7 8.O-O O-O
9.Nce2 Qc7 10.b3 Nbd7 11.c4 Nc5 12.Nc3 Rb8 13.Bb2 b6 14.Rc1 Bb7 15.Re1 Rfd8
16.f4 Rbc8 17.f5 e5 18.Nc2 b5 19.cxb5 axb5 20.Nb4 Qb6 21.Kh1 Ncd7 22.Qe2 Rc5
23.h3 Ba8 24.g4 Qa5 25.a3 Nb6 26.g5 Nfd7 27.h4 Rdc8 28.Qd2 f6 29.Rg1 Qa7
30.Bf3 Nf8 31.gxf6 Bxf6 32.Qxd6 Qf7 33.Qxb6 Bxh4 34.Rg2 Bf6 35.Rgc2 Qe7 36.Ncd5  1-0

[Event "6th Open"]
[Site "Velika Gorica CRO"]
[Date "2006.08.25"]
[Round "8"]
[White "Vadla,Z"]
[Black "Franic,M"]
[Result "0-1"]
[WhiteElo "2227"]
[BlackElo "2392"]

1.e4 c5 2.Nf3 d6 3.d4 cxd4 4.Nxd4 Nf6 5.Nc3 a6 6.g3 e5 7.Nb3 Bg4 8.Qd3 Be7
9.Bg2 Qc7 10.O-O Nbd7 11.Bg5 O-O 12.h3 Be6 13.Rfe1 Rac8 14.Rad1 Rfd8 15.Qe2 b5
16.a3 Nb6 17.Bc1 h6 18.Nd2 Qc6 19.Nf1 Qd7 20.g4 Nc4 21.Nd5 Bxd5 22.exd5 Re8
23.Ng3 Nh7 24.b3 Nb6 25.Be4 Qd8 26.Nf5 Bg5 27.Ne3 g6 28.Qd3 Kg7 29.Bb2 Nd7
30.Bg2 Nc5 31.Qf1 Kg8 32.a4 Qb6 33.axb5 axb5 34.Qe2 Nd7 35.Ba3 b4 36.Bc1 Qc5
37.Nc4 Nb6 38.Be3 Bxe3 39.Nxe3 Ra8 40.Ra1 Qc3 41.Rxa8 Rxa8 42.Rd1 Ra5 43.Rd3 Ra1+
44.Rd1 Ra5 45.Rd3 Qc5 46.Rd1 Kg7 47.h4 Qc8 48.Qf3 Nf6 49.Bh3 Qc3 50.Bg2 Ra1
51.Rxa1 Qxa1+ 52.Kh2 Qd4 53.Kg1 Qa1+ 54.Kh2 Qc3 55.Kg1 Qd4 56.Kh2 h5 57.Kg3 hxg4
58.Nxg4 Nxg4 59.Qxg4 Qxg4+ 60.Kxg4 Kh6 61.Bf3 f5+ 62.Kg3 Kg7 63.Bg2 Kf6 64.f4 e4
65.Bf1 Nxd5 66.Be2  0-1

[Event "TCh-Serbia"]
[Site "Zlatibor SCG"]
[Date "2006.08.30"]
[Round "5"]
[White "Marinkovic,I"]
[Black "Arsovic,G"]
[Result "1-0"]
[WhiteElo "2444"]
[BlackElo "2483"]

1.e4 c5 2.Nf3 d6 3.d4 cxd4 4.Nxd4 Nf6 5.Nc3 a6 6.g3 e5 7.Nb3 Be7 8.Bg2 O-O
9.O-O b5 10.a4 b4 11.Nd5 Nxd5 12.Qxd5 Ra7 13.Be3 Be6 14.Qd3 Ra8 15.a5 Nd7
16.Nd2 Qc7 17.Rfc1 Nc5 18.Qe2 Rab8 19.b3 Rb5 20.Nc4 Nxe4 21.Bxe4 d5 22.Bb6 Qc8
23.Bd3 dxc4 24.bxc4 Rc5 25.Bxc5 Bxc5 26.Qxe5 g6 27.Bf1 Re8 28.Re1 Bd7 29.Qf6 Be6
30.Rad1 Be7 31.Qe5 Qc6 32.Bg2 Qxc4 33.Bd5 Bxd5 34.Qxd5 Qxc2 35.Rc1 Qb2 36.Qd7 Kf8
37.Rc8  1-0

[Event "I Open"]
[Site "Vitoria BRA"]
[Date "2006.09.09"]
[Round "6"]
[White "Cortez,M"]
[Black "Schmidt,Os"]
[Result "1-0"]
[WhiteElo "2067"]
[BlackElo "1746"]

1.e4 c5 2.Nf3 d6 3.d4 cxd4 4.Nxd4 Nf6 5.Nc3 a6 6.g3 e5 7.Nde2 Be6 8.Bg2 Be7
9.a4 Nbd7 10.h3 Rc8 11.g4 Nb6 12.Nd5 Bxd5 13.exd5 Qc7 14.Nc3 Qc4 15.a5 Na8
16.Ra4 Qc7 17.O-O b5 18.axb6 Qxb6 19.Qe2 Nc7 20.Rc4 O-O 21.Rc6 Qb7 22.Be3 Nd7
23.b4 f5 24.gxf5 Rxf5 25.Qg4 Rcf8 26.Be4 h5 27.Qe2 g6 28.Bxf5 Rxf5 29.Qc4 Bd8
30.Rxd6  1-0

[Event "EU-chB16"]
[Site "Herceg Novi MNE"]
[Date "2006.09.10"]
[Round "1"]
[White "Zaslavsky,M"]
[Black "Bindrich,F"]
[Result "0-1"]
[WhiteElo "2172"]
[BlackElo "2486"]

1.e4 c5 2.Nf3 d6 3.d4 cxd4 4.Nxd4 Nf6 5.Nc3 a6 6.g3 Nc6 7.Bg2 Bd7 8.O-O e6
9.Nb3 Be7 10.Be3 Ne5 11.Qe2 Qc7 12.Rad1 Rc8 13.f4 Nc4 14.Bc1 b5 15.a3 a5
16.e5 dxe5 17.fxe5 Qxe5 18.Qxe5 Nxe5 19.Nxa5 Bc5+ 20.Kh1 Neg4 21.Nb7 Nf2+
22.Rxf2 Bxf2 23.Nd6+ Ke7 24.Nxc8+ Rxc8 25.Bf4 Ng4 26.Bf3 Nf6 27.Kg2 Bc5 28.Bb7 Rg8
29.b4 g5 30.Bc7 Ne8 31.bxc5 Nxc7 32.c6 Be8 33.Rb1 Kd6 34.Ne4+ Ke5 35.Re1 g4
36.Ng5+ Kd6 37.Ne4+ Ke7 38.Rb1 Rg6 39.Nc3 Rg5 40.a4 bxa4 41.Nxa4 Kd6 42.Kf2 Rf5+
43.Kg1 Ra5 44.Rb4 f5 45.Rc4 Rb5 46.Rd4+ Rd5 47.Rc4 Rd1+ 48.Kf2 Rd2+ 49.Kg1 e5
50.Nb6 h5 51.Bc8 Rd1+ 52.Kf2 Rb1 53.Nd7 Nd5 54.c7 Ne7 55.Ba6 Bxd7 56.c8=Q Nxc8
57.Bxc8 Bb5 58.Rc3 Rf1+ 59.Ke3 f4+ 60.gxf4 exf4+ 61.Ke4 f3 62.Kf4 Rg1 63.Ke3 Re1+
64.Kf2 Re2+ 65.Kg1 Rg2+ 66.Kh1 Rd2  0-1

[Event "TCh-ESP Honor Gp2"]
[Site "San Sebastian ESP"]
[Date "2006.09.17"]
[Round "5"]
[White "Zhang Pengxiang"]
[Black "Shirov,A"]
[Result "1/2-1/2"]
[WhiteElo "2622"]
[BlackElo "2716"]

1.e4 c5 2.Nf3 d6 3.d4 cxd4 4.Nxd4 Nf6 5.Nc3 a6 6.g3 e5 7.Nde2 Be7 8.Bg2 O-O
9.O-O Be6 10.h3 Nbd7 11.Be3 b5 12.g4 Nb6 13.Ng3 g6 14.Nd5 Nfxd5 15.exd5 Bd7
16.b3 f5 17.gxf5 Bxf5 18.Qd2 Bf6 19.Rac1 a5 20.c4 bxc4 21.bxc4 Nd7 22.c5 Nxc5
23.Bxc5 dxc5 24.d6 Ra7 25.Rxc5 Kh8 26.Rd1 Rd7 27.Bc6 Bg5 28.Qd5 Rg7 29.d7 Bxh3
30.Rxa5 Bxd7 31.Ra8 Bxc6 32.Rxd8 Rxd8 33.Qb3 Rxd1+ 34.Qxd1 Rd7 35.Qc2 Bb7
36.Qc5 Kg7 37.Qxe5+ Bf6 38.Qb5 Rf7 39.Qb6 h5 40.a4 h4 41.Nf1 h3 42.Nh2 Bc8
43.Qc5 Bf5 44.a5 Re7 45.Qb4 Re4 46.Qd2 Rd4 47.Qc1 Ra4 48.Qc7+ Kh6 49.Qc1+ Kg7
50.Qc7+ Kh6 51.Qc1+  1/2-1/2

[Event "EU-chG18"]
[Site "Herceg Novi MNE"]
[Date "2006.09.18"]
[Round "8"]
[White "Kuzevanova,E"]
[Black "Borosova,Z"]
[Result "1/2-1/2"]
[WhiteElo "2197"]
[BlackElo "2210"]

1.e4 c5 2.Nf3 d6 3.d4 cxd4 4.Nxd4 Nf6 5.Nc3 a6 6.g3 e5 7.Nb3 Be7 8.Bg2 O-O
9.a4 Be6 10.O-O Nbd7 11.Re1 Rc8 12.Nd2 Qc7 13.Nf1 Rfd8 14.Ne3 Nb6 15.a5 Nbd7
16.Ncd5 Bxd5 17.exd5 Bf8 18.c4 g6 19.b3 Bg7 20.Bb2 Ne8 21.g4 Nf8 22.b4 Qe7
23.f4 Nd7 24.Qf3 Nc7 25.Rac1 Re8 26.c5 e4 27.Qf2 Bxb2 28.Qxb2 dxc5 29.Nc4 Nb5
30.Rxe4 Qh4 31.Ne5 Nxe5 32.fxe5 cxb4 33.Rf1 Rf8 34.Qxb4 Qd8 35.Re3 Qc7 36.d6 Qd7
37.Bd5 Nc7 38.Bxb7 Ne6 39.Bxc8 Rxc8 40.Qe4 Ng5 41.Qf4 Ne6 42.Qf2 Nd4 43.Re4 Ne6
44.Rb4 Ng5 45.Qh4 Qd8 46.Qg3 Qxa5 47.Rb3 Qa4 48.h3 a5 49.Qe3 Ne6 50.Rb7 Rf8
51.Re7 Qb4 52.Ra7 a4 53.d7 g5 54.Ra6 Nf4 55.Rb6 Qc4 56.Rd6 Rd8 57.Rf2 a3
58.Qxa3 Qb5 59.Qe3 Rxd7 60.Rxd7 Qxd7 61.Rxf4 gxf4 62.Qxf4 Qd1+ 63.Kg2 Qe2+
64.Kg3 Qe1+ 65.Kf3 Qh1+ 66.Ke2 Qg2+ 67.Ke1 Qxh3 68.Qg5+ Kf8 69.Qd8+ Kg7 70.Qf6+ Kg8
71.Qg5+ Kf8 72.Kf2 Qh2+ 73.Kf3  1/2-1/2

[Event "EU-chB16"]
[Site "Herceg Novi MNE"]
[Date "2006.09.18"]
[Round "8"]
[White "Zaslavsky,M"]
[Black "Laitinen,M"]
[Result "1-0"]
[WhiteElo "2172"]
[BlackElo "1972"]

1.e4 c5 2.Nf3 d6 3.d4 cxd4 4.Nxd4 Nf6 5.Nc3 a6 6.g3 e5 7.Nb3 Be7 8.a4 b6
9.Bg2 Nbd7 10.O-O Bb7 11.Nd2 Rc8 12.Re1 O-O 13.Nf1 Nc5 14.Bg5 Ne8 15.Bxe7 Qxe7
16.Ne3 Nc7 17.Nf5 Qe6 18.b4 Nxe4 19.Nxe4 Bxe4 20.Bxe4 d5 21.Bd3 e4 22.Nd4 Qd6
23.Bf1 Ne6 24.Nf5 Qd7 25.Qxd5 Qxd5 26.Ne7+ Kh8 27.Nxd5 Nd4 28.Rxe4 Nf3+ 29.Kg2 f5
30.Rc4  1-0

[Event "15th TCh-CRO"]
[Site "Sibenik CRO"]
[Date "2006.09.22"]
[Round "1"]
[White "Sax,G"]
[Black "Cvitan,O"]
[Result "1/2-1/2"]
[WhiteElo "2545"]
[BlackElo "2539"]

1.e4 c5 2.Nf3 d6 3.d4 cxd4 4.Nxd4 Nf6 5.Nc3 a6 6.g3 e5 7.Nde2 Nbd7 8.a4 b6
9.Bg2 Bb7 10.h3 Rc8 11.g4 h6 12.Ng3 g6 13.Be3 Be7 14.Bf3 Rc4  1/2-1/2

[Event "WJun"]
[Site "Yerevan ARM"]
[Date "2006.10.04"]
[Round "2"]
[White "Mkrtchian,S"]
[Black "Esen,B"]
[Result "1/2-1/2"]
[WhiteElo "2291"]
[BlackElo "2464"]

1.e4 c5 2.Nf3 d6 3.d4 cxd4 4.Nxd4 Nf6 5.Nc3 a6 6.g3 e5 7.Nde2 Nbd7 8.Bg2 b5
9.h3 Bb7 10.g4 Nc5 11.Ng3 g6 12.a3 Rc8 13.O-O Ne6 14.Be3 h5 15.Nd5 Nxd5 16.exd5 Nf4
17.Bxf4 exf4 18.Qd4 Rh7 19.Nxh5 Be7 20.Nxf4 Rxc2 21.Rac1 Rc7 22.Nd3 Bf6 23.Rfe1+ Kf8
24.Qxf6 Qxf6 25.Rxc7 Qd4 26.Nb4 a5 27.Nc6 Bxc6 28.dxc6 Kg7 29.Rce7 Qxb2 30.c7 Qc3
31.Bd5 Kf6 32.R1e3 Qc5 33.Bb7 Rh8 34.Rd7 b4 35.axb4 axb4 36.c8=Q Rxc8 37.Bxc8 Qxc8
38.Rxd6+ Kg5 39.Rdd3 Qc4 40.Kg2 Qc6+ 41.Rf3 Kh4 42.Rd8 Qb7 43.Rd3 Qe4 44.Kg1 Qc4
45.Kg2 Qc1 46.Kh2 Qc7+ 47.Kg2 Qc5 48.Rde3  1/2-1/2

[Event "56th TCh-BUL w"]
[Site "Sunny Beach BUL"]
[Date "2006.10.08"]
[Round "4"]
[White "Tsvetkova,S"]
[Black "Doncheva,M"]
[Result "0-1"]
[WhiteElo "1867"]
[BlackElo "2067"]

1.e4 c5 2.Ne2 d6 3.Nbc3 Nf6 4.d4 cxd4 5.Nxd4 a6 6.g3 Nc6 7.h3 Qb6 8.Nb3 g6
9.Be3 Qc7 10.Bg2 Bg7 11.O-O O-O 12.Qd2 Ne5 13.Bg5 Nc4 14.Qc1 e6 15.Nd1 Bd7
16.c3 Rfc8 17.Bh6 Bh8 18.Nd2 Ne5 19.f4 Qc5+ 20.Kh2 Neg4+ 21.Kh1 Nxh6 22.Nb3 Qh5
23.Nd4 Nxe4  0-1

[Event "7th Veselin Boskovic Mem Op"]
[Site "Beograd SRB"]
[Date "2006.10.10"]
[Round "8"]
[White "Brujic,B"]
[Black "Vujacic,Bo"]
[Result "0-1"]
[WhiteElo "2208"]
[BlackElo "2385"]

1.e4 c5 2.Nf3 d6 3.d4 cxd4 4.Nxd4 Nf6 5.Nc3 a6 6.g3 e5 7.Nde2 Nbd7 8.a4 b6
9.Bg2 Bb7 10.Nd5 Nxd5 11.exd5 Rc8 12.O-O Be7 13.f4 O-O 14.fxe5 Nxe5 15.Nd4 Bf6
16.b3 b5 17.axb5 axb5 18.Be3 Re8 19.Bf2 Qd7 20.h3 g6 21.Qe2 b4 22.Ra4 Rc5
23.Rxb4 Bxd5 24.Bxd5 Rxd5 25.Qe4 Rc5 26.Rb7 Qxh3 27.Ne2 d5 28.Nf4 dxe4 29.Nxh3 Nf3+
30.Kg2 Rxc2 31.Ng1 Ne5 32.Kh3 h5 33.g4 Nxg4 34.Bg3 Rec8 35.Re1 R2c3  0-1

[Event "7th Veselin Boskovic Mem Op"]
[Site "Beograd SRB"]
[Date "2006.10.10"]
[Round "8"]
[White "Marinkovic,I"]
[Black "Cvetkovic,N"]
[Result "1-0"]
[WhiteElo "2452"]
[BlackElo "2234"]

1.e4 c5 2.Nc3 d6 3.Nge2 a6 4.d4 cxd4 5.Nxd4 Nf6 6.g3 e5 7.Nb3 Be7 8.Bg2 Nbd7
9.a4 b6 10.Nd2 Qc7 11.Nf1 Bb7 12.Ne3 O-O 13.g4 Nc5 14.g5 Nfxe4 15.Ncd5 Qd8
16.b4 Bxg5 17.bxc5 Nxc5 18.h4 Bf4 19.Qg4 Bxe3 20.Bxe3 f5 21.Qg5 Rf7 22.Qxd8+ Rxd8
23.Bxc5 dxc5 24.O-O-O Kf8 25.Rhe1 Re8 26.Bf1 Re6 27.Nf4 Re8 28.Bc4 Rf6 29.Nd5 Bxd5
30.Rxd5 e4 31.Bxa6 f4 32.Bb5 Re7 33.Kd2 g6 34.Ke2 h6 35.Red1 e3 36.Kf3 Rfe6
37.Bd3 Kg7 38.Rg1 c4 39.Bxc4 Kf6 40.Rd4 exf2 41.Rxf4+  1-0

[Event "56th TCh-BUL w"]
[Site "Sunny Beach BUL"]
[Date "2006.10.10"]
[Round "6"]
[White "Dragijska,I"]
[Black "Chilingirova,P"]
[Result "1/2-1/2"]
[WhiteElo "2004"]
[BlackElo "2187"]

1.e4 c5 2.Nf3 d6 3.d4 Nf6 4.Nc3 cxd4 5.Nxd4 a6 6.g3 e5 7.Nde2 Be7 8.Bg2 Be6
9.a4 Nc6 10.Nd5 Bxd5 11.exd5 Nb8 12.O-O Nbd7 13.a5 Rc8 14.b3 h5 15.h3 Nc5
16.Be3 b5 17.axb6 Qxb6 18.Qd2 Qb7 19.Rfd1 O-O 20.Ra2 Bd8 21.b4 Ncd7 22.c3 Bb6
23.Bxb6 Qxb6 24.Qd3 Nb8 25.Bf3 Rfe8 26.Qf5 e4 27.Bxh5 Rc4 28.Bg4 Re5 29.Qf4 Nxd5
30.Qd2 f5 31.Ra5 fxg4 32.Rxd5 e3 33.fxe3 Rxe3 34.Rd4 Re4 35.Qd3 d5 36.Kg2 gxh3+
37.Kh2  1/2-1/2

[Event "WYG18"]
[Site "Batumi GEO"]
[Date "2006.10.25"]
[Round "8"]
[White "Hoolt,S"]
[Black "Paulet,I"]
[Result "0-1"]
[WhiteElo "2135"]
[BlackElo "2167"]

1.e4 c5 2.Nf3 d6 3.d4 Nf6 4.Nc3 cxd4 5.Nxd4 a6 6.g3 e6 7.Bg2 Nbd7 8.g4 h6
9.f4 Be7 10.O-O Qb6 11.Kh1 Nf8 12.e5 dxe5 13.fxe5 N6d7 14.Nf3 Ng6 15.Qe2 Qc7
16.Bd2 Ndxe5 17.Nxe5 Qxe5 18.Qf2 O-O 19.Ne4 Qc7 20.g5 h5 21.Qe2 h4 22.Qh5 Bd7
23.Nf6+ gxf6 24.gxf6 Bc6 25.fxe7 Bxg2+ 26.Kxg2 Qxe7 27.Bg5 Qc5 28.Rf2 h3+
29.Kf1 Rad8 30.Qh6 Qc4+ 31.Re2 Rd5 32.Be3 Qg4 33.Bf2 Qg2+ 34.Ke1 Qh1+  0-1

[Event "USCL"]
[Site "ICC INT"]
[Date "2006.10.25"]
[Round "9"]
[White "Riordan,C"]
[Black "Zaikov,O"]
[Result "0-1"]
[WhiteElo "2253"]
[BlackElo "2394"]

1.e4 c5 2.Nf3 d6 3.d4 cxd4 4.Nxd4 Nf6 5.Nc3 a6 6.g3 e5 7.Nb3 Nbd7 8.a4 b6
9.Bg2 Bb7 10.O-O Rc8 11.Re1 Qc7 12.Nd2 Be7 13.Nf1 O-O 14.Ne3 Rfe8 15.Re2 Nc5
16.Nf5 Bf8 17.Bg5 Nfd7 18.Rd2 Ne6 19.Be3 g6 20.Nxd6 Bxd6 21.Rxd6 Nd4 22.Rxd4 exd4
23.Qxd4 Rcd8 24.Bg5 Rc8 25.Bh6 Ne5 26.f4 Rcd8 27.Nd5 Bxd5 28.exd5 Qc4 29.Qd1 Qc5+
30.Kh1 Nc4 31.f5 Ne3 32.Bxe3 Qxe3 33.fxg6 hxg6 34.Qf3 Qd2 35.Rf1 Rd7 36.Bh3 Re3
37.Rd1 Qxc2 38.Qg4 Re2  0-1

[Event "WYB18"]
[Site "Batumi GEO"]
[Date "2006.10.27"]
[Round "10"]
[White "Golub,D"]
[Black "Tayar,J"]
[Result "0-1"]
[WhiteElo "2124"]
[BlackElo "2214"]

1.e4 c5 2.Nf3 d6 3.d4 Nf6 4.Nc3 cxd4 5.Nxd4 a6 6.g3 Bg4 7.f3 Bd7 8.Bg2 Nc6
9.Nb3 g6 10.O-O Bg7 11.a4 O-O 12.f4 Bg4 13.Qe1 Qd7 14.f5 gxf5 15.h3 Nxe4
16.Nxe4 fxe4 17.hxg4 d5 18.Qe2 Ne5 19.Rf5 e6 20.Rh5 Rfc8 21.c3 Ng6 22.Bf1 Qc7
23.Qf2 b5 24.Nd4 b4 25.Bd2 bxc3 26.Bxc3 Rd8 27.Qh2 Qb6 28.Rd1 e5 29.Rxh7 Bf6
30.Rxf7 Kxf7 31.Qh7+ Bg7 32.Bc4 dxc4 33.Rf1+ Nf4 34.Qxe4 Rxd4  0-1

[Event "14th Chigorin Mem B"]
[Site "St-Petersburg RUS"]
[Date "2006.10.29"]
[Round "8"]
[White "Hagen,B"]
[Black "Osipova,P"]
[Result "0-1"]
[WhiteElo "2013"]
[BlackElo "1779"]

1.e4 c5 2.Nf3 d6 3.d4 cxd4 4.Nxd4 Nf6 5.Nc3 a6 6.g3 g6 7.Bg2 Bg7 8.O-O O-O
9.Re1 e5 10.Nde2 Qc7 11.h3 Nbd7 12.g4 Nb6 13.b3 Nfd7 14.Be3 Nc5 15.Qd2 Be6
16.a4 f5 17.gxf5 gxf5 18.exf5 Bxf5 19.b4 Ne6 20.Ng3 Kh8 21.Nd5 Nxd5 22.Qxd5 Qxc2
23.Rac1 Qd3 24.Qxd3 Bxd3 25.Red1 Bg6 26.Rxd6 Nd8 27.Rc7 e4 28.Nxe4 Be5 29.Bd4 Bxd4
30.Rxd4 Ne6 31.Rdc4 Nxc7 32.Rxc7 Rf4 33.Nc5 Rxb4 34.Bxb7 Rg8 35.Bd5 Bf7+
36.Kf1 Bxd5 37.Nxa6 Bc4+  0-1